000 01605nam a2200277 i 4500
003 DO-SdBNP
005 20250714112923.0
007 ta
008 250625b2025 dr a|||er ||| 00| 0 spa d
020 _a9789945509540
040 _aDO-SdBNP
_bspa
_cBNPHU
_erda
041 _aspa
082 4 _axxxxx
_bD431
_222
110 1 _aComisión de Vivienda y Hábitat de Foro Ciudadano
_988191
245 1 3 _aEl derecho a la vivienda digna y los desalojos en RD :
_buna mirada propositiva /
264 1 _aSanto Domingo :
_bFundación Friedrich Ebert Stiftung,
_c2025.
300 _a6 páginas
_bilustraciones
_c30 cm.
336 _atexto
_btxt
_2rdacontent
337 _asin mediación
_bn
_2rdamedia
338 _avolumen
_bnc
_2rdacurrier
490 1 _aAnálisis ;
520 _aEn los últimos años, miles de familias empobrecidas en República Dominicana han sido desalojadas de manera forzosa, sin notificación previa ni alternativas habitacionales, intensificando el déficit habitacional y agravando su vulnerabilidad. Estos desalojos reflejan el predominio de una lógica neoliberal que convierte la vivienda en un producto de mercado para especuladores, mientras el Estado dominicano incumple su obligación de garantizar el derecho a una vivienda digna. Este artículo expone casos específicos de desalojos forzosos desde 2018, analiza la insuficiencia de las soluciones ofrecidas por el gobierno y destaca propuestas impulsadas por la sociedad civil para proteger los derechos fundamentales de las familias afectadas
590 _aInventariado, 2025/ YL
910 _aYLockward
942 _2ddc
_cLF2
999 _c59382
_d59382